000 00486nam a22001815i 4500
999 _c116963
_d116963
001 18226459
005 20200210105029.0
008 140715s2014 nyu 000 0 eng
020 _a9783662442043 (hardcover : alk. paper)
040 _cPK-LaUMT
082 _a510
_bAIG-P
100 1 _aAigner, Martin
245 1 0 _aProofs from the book /
_cby Martin Aigner and Guenter M. Ziegler
250 _a5th ed.
260 _aBerlin :
_bSpringer,
_c2014
300 _a308 p.
942 _cBK